| 000 | 00368nam a2200097Ia 4500 | ||
|---|---|---|---|
| 005 | 20250424112929.0 | ||
| 008 | 250424s9999 xx 000 0 und d | ||
| 300 | _a144 p. ; 24 cm. | ||
| 650 | _aSociology--Research--Nigeria--Periodicals. Anthropology--Research--Nigeria--Periodicals. Nigeria--Social conditions--Periodicals. Nigeria--History--Periodicals. | ||
| 942 | _cSR | ||
| 999 |
_c37942 _d37942 |
||